000 00502nam a2200193Ia 4500
005 20250423095354.0
008 250422s9999 xx 000 0 und d
020 _a9780321732590
050 _aRC 86.7 .H339/
100 _aJ. Karren, Keith
245 0 _aFirst aid for colleges and universities
250 _a10th ed.
260 _aBoston
260 _bBenjamin Cummings
260 _cc2012
300 _a530 p
650 _aFirst aid in illness and injury. Emergency medicine.
942 _cBK
999 _c30075
_d30075